01296nam a2200337Ia 4500001001200000003000800012006001900020007001500039008004100054010001700095020003100112020001800143040002100161035002100182050002600203082001800229245012000247260004200367300002400409490003000433504005100463533015200514650003200666650003200698655002900730700002100759710001600780710001700796856012600813999001900939ebr10364992CaPaEBRm u cr cn|||||||||091104s2010 dcua sb 001 0 eng d z 2009043702 z9780821381595 (alk. paper) z9780821381601 aCaPaEBRcCaPaEBR a(OCoLC)59324888614aHD7105.4b.E93 2010eb04a331.25/2422200aEvaluating the financial performance of pension fundsh[electronic resource] /cRichard Hinz ... [et al.], editors. aWashington, DC :bWorld Bank,cc2010. axvi, 279 p. :bill.0 aDirections in development aIncludes bibliographical references and index. aElectronic reproduction.bPalo Alto, Calif. :cebrary,d2010.nAvailable via World Wide Web.nAccess may be limited to ebrary affiliated libraries. 0aPension trustsxEvaluation. 0aRate of returnxEvaluation. 7aElectronic books.2local1 aHinz, Richard P.2 aWorld Bank.2 aebrary, Inc.40uhttp://site.ebrary.com/lib/rucke/Doc?id=10364992zAn electronic book accessible through the World Wide Web; click to view c218844d218844